000 01045nam a2200289 i 4500
003 DO-SdBNP
005 20250310131015.0
007 ta
008 230724b2013 dr ||||| |||| 00| 0 spa d
020 _a9789945436754
040 _aDO-SdBNP
_bspa
_cBNPHU
_erda
082 4 _a362.1097293
_bR426g
_222
110 1 _aRepública Dominicana.
_bMinisterio de Salud Pública.
245 1 0 _aGuía para la elaboración del plan hospitalario para respuesta a emergencias y desastres
264 _aSanto Domingo :
_bMinisterio de Salud Pública,
_c 2013.
300 _a87 páginas ;
_c29 cm.
336 _2rdacontent
_atexto
_btxt
337 _2rdamedia
_asin mediación
_bn
338 _2rdacarrier
_avolumen
_bnc
490 0 _aManuales y guías sobre emergencias y desastres
590 _aInventariado, 2023/BT
650 4 _aServicios de salud
_zRepública Dominicana
_920952
650 0 _aHospitales
_976843
650 7 _aHospitales
_zRepública Dominicana
_976843
_2LEMB
910 _aBtavárez Validado. Control de calidad MFF
942 _2ddc
_cLBS1
999 _c54244
_d54244